000 00388nam a2200169Ia 4500
001 18241
003 IN-NITTTR
005 20251114233213.0
008 251113s9999||||xx |||||||||||||| ||eng||
040 _beng
040 _cIN-NITTTR
041 _aeng
082 _a891.433 S35B H
100 _aSheel, Ratna Prakash
245 0 _aBade dadda. /
_cSheel, Ratna Prakash
942 _2ddc
_cBK
999 _c20875
_d20875